Nejistá oběť

Saved in:
Bibliographic Details
Main Author McGowan, Claire
Format Electronic eBook
LanguageCzech
Published Vendeta 2022
Edition1. elektronické vydání
Subjects
Online AccessDostupné v BOOKPORT po přihlášení pomocí eduID
ISBN978-80-277-2748-3
978-80-277-0354-8
Physical Description1 online zdroj (312 stran)

Cover

LEADER 00000nam a2200000 i 4500
001 bkp531017349
003 CZ-prgp
005 20230526141107.0
006 m o d
007 cr cn
008 230526s2022 xr o 000 1 cze
020 |a 978-80-277-2748-3  |c 249 Kč  |q (online ; epub) 
020 |a 978-80-277-0354-8  |c 399 Kč  |q (print) 
040 |a Grada  |b cze  |e rda 
100 1 |a McGowan, Claire 
245 1 0 |a Nejistá oběť  |c Claire McGowan 
250 |a 1. elektronické vydání 
264 1 |b Vendeta  |c 2022 
300 |a 1 online zdroj (312 stran) 
336 |a text  |b txt  |2 rdacontent 
337 |a počítač  |b c  |2 rdamedia 
338 |a online zdroj  |b cr  |2 rdacarrier 
520 3 |a Suzi udělala něco hrozného. A teď za to platí. Těhotná a vystrašená žije v chalupě na samotě se svým žárlivým manželem Nickem. Když se do jediného domu v okolí přistěhuje Nora, Suzi je vděčná za novou kamarádku. Tak moc, že se jí chystá svěřit své strašlivé tajemství. Ale Nora je jiná, než se na první pohled zdá. Je možné, aby už věděla, co Suzi provedla? Mezitím Elle tráví dny ve svém dokonalém domě, ponořena do role ukázkové manželky. Ale když ji manžel zradí, odhalí tím tajemství, které sahá až do jejího dětství. Udělá cokoli, aby zůstalo utajeno, i kdyby to znamenalo vraždu. Koneckonců, nebylo by to poprvé...Tito neznámí lidé, zamotaní do svých tajemství a lží, si brzy uvědomí, že mají společného víc, než si kdy dokázali představit. Když je šokující událost svede dohromady, jejich životy se navždy změní. 
650 0 4 |a Dobrodružství, napětí, thrillery 
856 4 0 |u https://www.bookport.cz/AccountSaml/SignIn/?idp=https://shibboleth.utb.cz/idp/shibboleth&returnUrl=/kniha/nejista-obet-11794/  |y Dostupné v BOOKPORT po přihlášení pomocí eduID